Logo BPK

Biblioteka

Politechniki Koszalińskiej

Zużycie części i zespołów pojazdów samochodowych / (Rekord nr 5327)

Szczegóły MARC
000 -ETYKIETA REKORDU
podpole kontrolne o stałej długości 00465nam a2200169 i 4500
001 - NUMER KONTROLNY REKORDU
pole kontrolne bg
040 ## - ŹRÓDŁO KATALOGOWANIA
Instytucja, która utworzyła rekord BPK
041 ## - KOD JĘZYKA
Kod języka tekstu pol
008 - POLE O STAŁEJ DŁUGOŚCI - DANE KONTROLNE
podpole kontrolne o stałej długości s pl f |000 0 pol
100 1# - NAZWA OSOBOWA
Nazwa osobowa Janecki, Janusz
Daty związane z nazwą (1928- ).
245 #0 - TYTUŁ/ODPOWIEDZIALNOŚĆ
Tytuł Zużycie części i zespołów pojazdów samochodowych /
Pozostałe elementy strefy tytułu i oznaczenia odpowiedzialności J. Janecki, S. Gołąbek.
250 ## - STREFA WYDANIA
Oznaczenie wydania Wyd.4 zm. i popr.
260 ## - STREFA ADRESU WYDAWNICZEGO
Miejsce wydania Warszawa,
Data publikacji, dystrybucji/powstania dokumentu 1984.
650 #9 - HASŁO PRZEDMIOTOWE W FORMIE NAZWY OGÓLNEJ LUB JEDNOSTKOWEJ
Nazwa ogólna lub geograficzna Samochody
Określnik ogólny eksploatacja
700 1# - HASŁO DODATKOWE - NAZWA OSOBOWA
Nazwa osobowa Gołąbek, Stefan.
856 ## - LOKALIZACJA I DOSTĘP DO ELEKTRONICZNYCH DOKUMENTÓW ZDALNYCH
Link (URL) http://koha.tu.koszalin.pl/cgi-bin/koha/opac-detail.pl?biblionumber=5327
Tekst linku Katalog online BPK
942 ## - DODATKOWE ELEMENTY (KOHA)
Typ dokumentu Książka
Egzemplarze
Wycofany Status egzemplarza Uszkodzony Dostępność Lokalizacja stała Lokalizacja bieżąca Miejsce przechowywania Sygnatura Kod kreskowy Ostatnio wypożyczono Typ dokumentu
      Dostępny Biblioteka Politechniki Koszalińskiej Biblioteka Politechniki Koszalińskiej Wypożyczalnia BG P 44279 01307245 02.03.2023 Książka
© 2023 Biblioteka Politechniki Koszalińskiej :: KOHA